Loading...
The Alchemist
| Main Author: | |
|---|---|
| Format: | Printed Book |
| Published: |
London
Harper Collins
1988
|
| LEADER | 00429nam a22001337a 4500 | ||
|---|---|---|---|
| 999 | |c 184221 |d 184217 | ||
| 020 | |a 978-81-7223-498-0 | ||
| 082 | |a 863 |b COE/A | ||
| 100 | |a Paulo Coelho |9 159297 | ||
| 245 | |a The Alchemist | ||
| 260 | |a London |b Harper Collins |c 1988 | ||
| 300 | |a 161 |b Illustrations | ||
| 942 | |c BK | ||
| 952 | |0 0 |1 0 |4 0 |6 863_000000000000000_COE_A |7 0 |9 182927 |a SOL |b SOL |d 2019-07-02 |g 0.00 |l 0 |o 863 COE/A |p SOL00017506 |r 2019-07-02 |w 2019-07-02 |y BK | ||